000 00333nam a22001577a 4500
003 SGT
020 _a978-81-7739-581-5
082 _a618.2
_bO20S
100 _aSHARMA, J.B.
245 _aTB. OF OBSTETRICS
250 _a2ND
260 _aINDIA
_bAVICHAL PUB.
_c2020
300 _a824
650 _aOBSTETRICS
942 _2ddc
_cBK
_035
999 _c19627
_d19627